Trouve le bon footballeur #5 - Statistiques

Statistiques générales
  • Ce quiz a été pris 1 272 fois
    421 depuis la dernière actualisation
  • Le résultat moyen est 10 sur 20
Statistiques - réponses
Indice Footballeur % Correct
Ce joueur catalan a pris sa retraite en 2019, puis a repris sa carrière en tant qu'entraîneur dès la saison suivante avec Al-Sadd SC Xavi
82%
Ce numéro 9 brésilien a tenté de perdre des kilos lors d'une émission de téléréalité en 2012 Ronaldo
78%
Il n'a jamais gagné un seul trophée, sauf la Coupe de la Réunion en 2004 Dimitri Payet
73%
Ce grand attaquant né en 1946 à Belfast est l'auteur de nombreuses citations cultes telle que : “J’ai dépensé 90% de mon argent dans l’alcool, les filles et les voitures de sport – le reste, je l’ai gaspillé” George Best
73%
Impliqué dans l'affaire de la sextape Mathieu Valbuena
69%
Il est passé d'ouvrier dans une usine fabriquant des attelles en 2011 à Meilleur joueur de la saison en Premier League en 2016 Jamie Vardy
65%
Pour Serge Aurier, il est "une fiotte" Laurent Blanc
59%
Attaquant gunner acheté à City en 2022 Gabriel Jesus
57%
Joueur Parisien buteur contre son ancien club lors des quarts de finale de la ligue des champions 2024 Ousmane Dembelé
54%
Sauveur miraculeux du PSG contre l'Atalanta Eric Choupo-Moting
49%
Né à Brest, je suis passé par le Real, Napoli, la Juve et l'AC Milan Gonzalo Higuain
49%
Cet ancien joueur lensois évoluant aujourd'hui en arabie saoudite a gagné la dernière CAN Seko Fofana
47%
Son dérapage en 2017 lorsqu'il publie une photo de lui ayant fait un blackface a fait polémique Antoine Griezmann
44%
Ce vainqueur de l'euro 2016, d'origine cap-verdienne, compte également dans son palmarès 2 Bundesliga et une Ligue 1 Renato Sanches
42%
Joueur anglais né en Jamaïque, il a assisté au meurtre de son père à son domicile alors qu'il n'avait que 3 ans Raheem Sterling
25%
Un club de ligue 1 a acheté cet attaquant à la Gantoise pour 27 millions d'euros et 5 millions de bonus Jonathan David
22%
... José Paixão de Oliveira Júnior Vinicius
21%
Le deuxième joueur de ce quiz a dit de ce joueur que l'on considérait comme son successeur à Manchester United : "Son pied gauche ne lui sert à rien, il est mauvais de la tête, ile ne sait pas tacler et il ne marque pas souvent. A part ça il est pas mal." David Beckham
18%
Ce gardien a passé 1092 minutes sans encaisser un seul but en ligue 1 en 2013 Vincent Enyeama
16%
Ce joueur ivoirien est apparu dans le clip de Magic System "Chérie Coco" Gervinho
11%
Aucun quiz correspondant
Distribution des résultats
% des personnes avec chaque résultat
Percentile par nombre de réponses
Votre historique - résultats
Vous n’avez pas pris ce quiz depuis la dernière actualisation